Estadísticas para Clasificación histórica Premier League

Haz click aquí para intentar la prueba.

Estadísticas generales

  • Esta prueba ha sido intentada 124 veces
  • La puntuación promedio es 31 de 50

Estadísticas de respuestas

PosiciónTemporadasPuntosClub% Correcto
302109Liverpool
100%
251629Manchester City
100%
302366Manchester United
100%
302141Arsenal
99%
302138Chelsea
99%
301787Tottenham Hotspur
98%
271358Aston Villa
93%
301574Everton
92%
271410Newcastle United
89%
10º261258West Ham United
88%
27º8348Wolverhampton Wanderers
87%
39º5209Brighton & Hove Albion
84%
14º16787Leicester City
81%
36º5239Nottingham Forest
77%
13º14789Leeds United
76%
29º8325Burnley
75%
16º15640Fulham
75%
17º16618Sunderland
73%
11º231063Southampton
72%
40º5209Sheffield United
68%
19º13564Crystal Palace
67%
24º8392Sheffield Wednesday
67%
23º10402Norwich City
64%
31º7308Queens Park Rangers
64%
12º18970Blackburn Rovers
63%
38º5211Bournemouth
63%
32º7301Birmingham City
62%
44º264Cardiff City
62%
30º7312Swansea City
62%
47º146Brentford
59%
21º10457Stoke City
59%
18º13575Bolton Wanderers
54%
35º7274Derby County
52%
41º5171Hull City
51%
34º8285Watford
51%
20º13490West Bromwich Albion
50%
15º15661Middlesbrough
46%
37º5224Ipswich Town
44%
46º253Huddersfield Town
41%
33º7293Portsmouth
38%
28º8331Wigan Athletic
38%
22º9409Coventry City
37%
48º139Blackpool
35%
42º3119Reading
34%
26º8361Charlton Athletic
32%
25º8391Wimbledon
31%
49º135Barnsley
20%
43º289Oldham Athletic
15%
50º130Swindon Town
13%
45º262Bradford City
10%

Distribución de puntuación

Porcentaje por número respondido

Porcentaje de gente con cada puntuación

Historial de tus puntuaciones

No has intentado esta prueba.